| 000 | 00668nam a22002297a 4500 | ||
|---|---|---|---|
| 999 |
_c6731 _d6731 |
||
| 003 | GBCCL | ||
| 005 | 20241126110610.0 | ||
| 008 | 180514b ||||| |||| 00| 0 eng d | ||
| 020 | _a0854217150 (Scripture Union) | ||
| 020 | _a0802817726 (Wm. B. Eerdmans) | ||
| 040 | _cgbc | ||
| 082 |
_a262.1 _bKIR |
||
| 100 |
_aKirby, G W _911532 |
||
| 245 |
_aLeadership / _cG W Kirby |
||
| 260 |
_aLondon: _bScripture Union, _c1978 |
||
| 260 |
_aGrand Rapids: _b Wm. B. Eerdmans, _c1978 |
||
| 300 |
_a64 p.; _c21 cm. |
||
| 440 |
_aUnderstanding Bible Teaching _911527 |
||
| 650 |
_aJesus Christ _xExample _911533 |
||
| 650 |
_aChristian leadership _91568 |
||
| 942 |
_2ddc _cBK _02 |
||